<?xml version="1.0" encoding="UTF-8"?>
<record
    xmlns:xsi="http://www.w3.org/2001/XMLSchema-instance"
    xsi:schemaLocation="http://www.loc.gov/MARC21/slim http://www.loc.gov/standards/marcxml/schema/MARC21slim.xsd"
    xmlns="http://www.loc.gov/MARC21/slim">

  <leader>01071nam a22002297a 4500</leader>
  <controlfield tag="005">20131222155932.0</controlfield>
  <controlfield tag="008">120206s2011    ua o   gr     00000aara d</controlfield>
  <datafield tag="020" ind1=" " ind2=" ">
    <subfield code="a">9789772814479</subfield>
  </datafield>
  <datafield tag="043" ind1=" " ind2=" ">
    <subfield code="a">f-ua---</subfield>
  </datafield>
  <datafield tag="082" ind1="0" ind2="4">
    <subfield code="2">22</subfield>
    <subfield code="a">378.00962</subfield>
    <subfield code="b">&#x633; &#x644; &#x64A;</subfield>
  </datafield>
  <datafield tag="100" ind1="1" ind2=" ">
    <subfield code="9">28668</subfield>
    <subfield code="a">&#x633;&#x644;&#x64A;&#x645;&#x627;&#x646;&#x60C; &#x639;&#x644;&#x649; &#x639;&#x628;&#x62F; &#x627;&#x644;&#x639;&#x632;&#x64A;&#x632;</subfield>
  </datafield>
  <datafield tag="245" ind1="1" ind2="0">
    <subfield code="a">&#x630;&#x643;&#x631;&#x64A;&#x627;&#x62A; &#x627;&#x644;&#x633;&#x646;&#x648;&#x627;&#x62A; &#x627;&#x644;&#x630;&#x647;&#x628;&#x64A;&#x629; :</subfield>
    <subfield code="b">&#x643;&#x644;&#x64A;&#x629; &#x627;&#x644;&#x627;&#x642;&#x62A;&#x635;&#x627;&#x62F; &#x648;&#x627;&#x644;&#x633;&#x64A;&#x627;&#x633;&#x629; &#x641;&#x649; &#x627;&#x644;&#x633;&#x62A;&#x64A;&#x646;&#x64A;&#x627;&#x62A; /</subfield>
    <subfield code="c">&#x639;&#x644;&#x649; &#x639;&#x628;&#x62F; &#x627;&#x644;&#x639;&#x632;&#x64A;&#x632; &#x633;&#x644;&#x64A;&#x645;&#x627;&#x646;.</subfield>
  </datafield>
  <datafield tag="260" ind1=" " ind2=" ">
    <subfield code="a">&#x627;&#x644;&#x62C;&#x64A;&#x632;&#x629;&#x60C; &#x645;&#x635;&#x631; : </subfield>
    <subfield code="b">&#x627;&#x644;&#x645;&#x643;&#x62A;&#x628;&#x629; &#x627;&#x644;&#x623;&#x643;&#x627;&#x62F;&#x64A;&#x645;&#x64A;&#x629; (&#x634;&#x631;&#x643;&#x629; &#x645;&#x633;&#x627;&#x647;&#x645;&#x629; &#x645;&#x635;&#x631;&#x64A;&#x629;)&#x60C;</subfield>
    <subfield code="c">2011.</subfield>
  </datafield>
  <datafield tag="300" ind1=" " ind2=" ">
    <subfield code="a">152 &#x635;. :</subfield>
    <subfield code="b">&#x635;&#x648;&#x631; &#x61B;</subfield>
    <subfield code="c">24 &#x633;&#x645;.</subfield>
  </datafield>
  <datafield tag="500" ind1=" " ind2=" ">
    <subfield code="a">&#x64A;&#x634;&#x62A;&#x645;&#x644; &#x639;&#x644;&#x649; &#x645;&#x644;&#x627;&#x62D;&#x642;.</subfield>
  </datafield>
  <datafield tag="600" ind1="1" ind2=" ">
    <subfield code="9">28669</subfield>
    <subfield code="a">&#x633;&#x644;&#x64A;&#x645;&#x627;&#x646;&#x60C; &#x639;&#x644;&#x649; &#x639;&#x628;&#x62F;&#x627;&#x644;&#x639;&#x632;&#x64A;&#x632;</subfield>
    <subfield code="v">&#x627;&#x644;&#x645;&#x630;&#x643;&#x631;&#x627;&#x62A;</subfield>
  </datafield>
  <datafield tag="610" ind1="2" ind2=" ">
    <subfield code="a">&#x62C;&#x627;&#x645;&#x639;&#x629; &#x627;&#x644;&#x642;&#x627;&#x647;&#x631;&#x629;.</subfield>
    <subfield code="b">&#x643;&#x644;&#x64A;&#x629; &#x627;&#x644;&#x627;&#x642;&#x62A;&#x635;&#x627;&#x62F; &#x648;&#x627;&#x644;&#x633;&#x64A;&#x627;&#x633;&#x629;</subfield>
    <subfield code="v">&#x62F;&#x631;&#x633;&#x627;&#x62A; &#x62D;&#x627;&#x644;&#x629;</subfield>
    <subfield code="9">34665</subfield>
  </datafield>
  <datafield tag="650" ind1=" " ind2="0">
    <subfield code="9">34663</subfield>
    <subfield code="a">&#x627;&#x644;&#x62C;&#x627;&#x645;&#x639;&#x627;&#x62A; &#x648;&#x627;&#x644;&#x643;&#x644;&#x64A;&#x627;&#x62A;</subfield>
    <subfield code="y">&#x642;&#x631;&#x646; 20</subfield>
    <subfield code="z">&#x645;&#x635;&#x631;</subfield>
  </datafield>
  <datafield tag="653" ind1=" " ind2=" ">
    <subfield code="b">Ara</subfield>
    <subfield code="c">December2013</subfield>
  </datafield>
  <datafield tag="655" ind1=" " ind2=" ">
    <subfield code="v">reading book</subfield>
    <subfield code="9">34232</subfield>
  </datafield>
  <datafield tag="942" ind1=" " ind2=" ">
    <subfield code="2">ddc</subfield>
    <subfield code="c">BB</subfield>
    <subfield code="k">378.00962 &#x633; &#x644; &#x64A;</subfield>
  </datafield>
  <datafield tag="999" ind1=" " ind2=" ">
    <subfield code="c">16399</subfield>
    <subfield code="d">16399</subfield>
  </datafield>
  <datafield tag="952" ind1=" " ind2=" ">
    <subfield code="0">0</subfield>
    <subfield code="1">0</subfield>
    <subfield code="2">ddc</subfield>
    <subfield code="4">0</subfield>
    <subfield code="7">0</subfield>
    <subfield code="8">Academic</subfield>
    <subfield code="a">MAIN</subfield>
    <subfield code="b">MAIN</subfield>
    <subfield code="c">1ST</subfield>
    <subfield code="d">2012-02-06</subfield>
    <subfield code="e">purchase</subfield>
    <subfield code="g">25.00</subfield>
    <subfield code="h">2000051</subfield>
    <subfield code="o">378.00962 &#x633; &#x644; &#x64A;</subfield>
    <subfield code="p">000026001</subfield>
    <subfield code="r">2025-07-15 00:00:00</subfield>
    <subfield code="y">BB</subfield>
  </datafield>
  <datafield tag="952" ind1=" " ind2=" ">
    <subfield code="0">0</subfield>
    <subfield code="1">0</subfield>
    <subfield code="2">ddc</subfield>
    <subfield code="4">0</subfield>
    <subfield code="7">0</subfield>
    <subfield code="8">Donation-G</subfield>
    <subfield code="a">MAIN</subfield>
    <subfield code="b">MAIN</subfield>
    <subfield code="c">1ST</subfield>
    <subfield code="d">2013-12-17</subfield>
    <subfield code="e">Donation</subfield>
    <subfield code="o">378.00962 &#x633; &#x644; &#x64A;</subfield>
    <subfield code="p">000035223</subfield>
    <subfield code="r">2025-07-15 00:00:00</subfield>
    <subfield code="y">BB</subfield>
  </datafield>
</record>
